Statistiques concernant Généraux de la guerre de Vendée par images

Cliquez ici pour prendre le quiz!

Statistiques générales

  • Ce quiz a été pris 50 fois
  • Le résultat moyen est 4 sur 8

Statistiques - réponses

Réponse% Correct
Charette
97%
Bonchamps
54%
Cathelineau
49%
Lescure
46%
La Rochejaquelein
40%
Stofflet
40%
D'Elbée
37%
Talmont
23%

Distribution des résultats

Percentile par nombre de réponses

% des personnes avec chaque résultat

Votre développement - résultats

Vous n’avez pas pris ce quiz